[Event "Arci - Groeden"]
[Site "?"]
[Date "2016.11.05"]
[Round "1.1"]
[White "Seresin, Francesco"]
[Black "Olivetti, Davide"]
[Result "1-0"]
[WhiteElo "2102"]
[BlackElo "2095"]
[PlyCount "81"]
[EventDate "2016.11.05"]

1. d4 Nf6 2. c4 g6 3. Nf3 Bg7 4. g3 O-O 5. Bg2 d6 6. O-O Nc6 7. Nc3 a6 8. d5
Na5 9. b3 Nxd5 10. Nxd5 c6 11. Nxe7+ Qxe7 12. Bd2 Qc7 13. Rc1 c5 14. Bf4 Rd8
15. Ng5 Nc6 16. Qd2 Nd4 17. Ne4 Bg4 18. Rfe1 Qd7 19. f3 Bf5 20. Nc3 Be6 21. e3
Nf5 22. Rcd1 Qe7 23. g4 Bxc3 24. Qxc3 Nh4 25. Bg3 Nxg2 26. Kxg2 d5 27. cxd5
Bxd5 28. e4 Be6 29. Be5 Rxd1 30. Rxd1 f5 31. Bf6 Qe8 32. exf5 Bxf5 33. Bh8 Qe7
34. gxf5 Re8 35. Kh1 Qf7 36. fxg6 hxg6 37. Qf6 Qh7 38. Rd8 Rxd8 39. Qxd8+ Kf7
40. Qd7+ Kg8 41. Qxh7+ 1-0

[Event "Arci - Groeden"]
[Site "?"]
[Date "2016.11.05"]
[Round "1.2"]
[White "De Vita, Gianni"]
[Black "Moroder, Stephan"]
[Result "1-0"]
[WhiteElo "1941"]
[BlackElo "2153"]
[PlyCount "81"]
[EventDate "2016.11.05"]

1. e4 d6 2. d4 g6 3. Nf3 Bg7 4. Bc4 a6 5. Bb3 e6 6. O-O Ne7 7. Bf4 h6 8. c3 O-O
9. Qe2 b6 10. Re1 Nbc6 11. Na3 e5 12. dxe5 dxe5 13. Rad1 Qe8 14. Bg3 Bb7 15.
Nc4 Nc8 16. Ne3 Na5 17. Bc2 Nd6 18. b4 Nc6 19. Nd5 Qb8 20. Bh4 f6 21. Bg3 Kh7
22. Nh4 g5 23. Nf5 Nxf5 24. exf5 Rf7 25. Qh5 Qe8 26. Bb3 Kh8 27. Nf4 gxf4 28.
Bxf7 Qf8 29. Bh4 Ne7 30. Be6 Bc6 31. Rd2 Nc8 32. Bd7 Bb5 33. Bxb5 axb5 34. Rd7
Nd6 35. Rxc7 Rd8 36. h3 Ne8 37. Rf7 Qg8 38. Qg6 f3 39. gxf3 Nd6 40. Bxf6 Nxf5
41. Bxd8 1-0

[Event "Arci - Groeden"]
[Site "?"]
[Date "2016.11.05"]
[Round "1.3"]
[White "Demetz, Rainer"]
[Black "Adzic, Ranko"]
[Result "1-0"]
[WhiteElo "2173"]
[BlackElo "1893"]
[PlyCount "99"]
[EventDate "2016.11.05"]

1. e4 d6 2. d4 g6 3. Nf3 Bg7 4. Bc4 Nf6 5. Qe2 O-O 6. e5 Ne8 7. h3 d5 8. Bb3 c5
9. dxc5 Qa5+ 10. Nc3 d4 11. Nxd4 Qxc5 12. Nf3 Nc7 13. Be3 Qa5 14. O-O-O Nc6 15.
Bd2 Qc5 16. Ne4 Qb5 17. Rhe1 Qxe2 18. Rxe2 Be6 19. Nc5 Bxb3 20. Nxb3 Rac8 21.
Bc3 Nb5 22. Be1 Rfd8 23. Rxd8+ Rxd8 24. c4 Nc7 25. Bc3 b5 26. cxb5 Nxb5 27. Kc2
Rc8 28. Re4 Nxc3 29. bxc3 Rd8 30. Nbd4 Na5 31. Nd2 Rc8 32. f4 Kf8 33. Re1 Bh6
34. g3 Nb7 35. Rb1 Nc5 36. Rb4 g5 37. Nf5 Bg7 38. Rc4 Rc7 39. Ne4 gxf4 40. Nxc5
fxg3 41. Rd4 Kg8 42. Nd3 e6 43. Rd8+ Bf8 44. Nxg3 Rc4 45. Rd4 Rc7 46. Ne4 Be7
47. Nf6+ Bxf6 48. exf6 h6 49. Rg4+ Kf8 50. Ne5 1-0

[Event "Arci - Groeden"]
[Site "?"]
[Date "2016.11.05"]
[Round "1.4"]
[White "Reyna Hernandez, Sandor"]
[Black "Bernardi, Ruben"]
[Result "0-1"]
[WhiteElo "1865"]
[BlackElo "2135"]
[PlyCount "62"]
[EventDate "2016.11.05"]

1. d4 Nf6 2. c4 e6 3. Nc3 Bb4 4. Qc2 c5 5. Nf3 O-O 6. Bg5 Qa5 7. Bxf6 gxf6 8.
e3 Nc6 9. Bd3 Bxc3+ 10. bxc3 cxd4 11. exd4 Qh5 12. g4 Qh3 13. Qe2 d5 14. Rg1
dxc4 15. Bxc4 e5 16. Rg3 Qh6 17. g5 Qh5 18. gxf6+ Kh8 19. Nxe5 Qxe2+ 20. Kxe2
Nxe5 21. dxe5 Bf5 22. Rg7 Bg6 23. Bd5 Rad8 24. c4 b5 25. Ke3 bxc4 26. Bxc4 Rc8
27. Bb3 Rc3+ 28. Kf4 Rb8 29. Rd1 Rb4+ 30. Kg5 h6+ 31. Kxh6 Rh3+ 0-1

[Event "Arci - Groeden"]
[Site "?"]
[Date "2016.11.05"]
[Round "1.5"]
[White "Moroder, Thomas"]
[Black "Rinaldo, Gaetano"]
[Result "0-1"]
[WhiteElo "1982"]
[BlackElo "1668"]
[PlyCount "118"]
[EventDate "2016.11.05"]

1. e4 e6 2. d4 d5 3. e5 c5 4. c3 Nc6 5. Nf3 Qb6 6. a3 c4 7. Be2 f6 8. exf6 Nxf6
9. Nbd2 Bd6 10. b3 cxb3 11. Rb1 O-O 12. O-O e5 13. Rxb3 Qc7 14. dxe5 Nxe5 15.
Nd4 a6 16. h3 Bd7 17. N2f3 Ne4 18. Nb5 Nxf3+ 19. Bxf3 Bxb5 20. Qxd5+ Kh8 21.
Bxe4 Bxf1 22. Kxf1 Qc5 23. Qxc5 Bxc5 24. f3 Rab8 25. a4 b6 26. Ke2 Rfe8 27. Bf4
Rbc8 28. g4 Rc6 29. h4 Rce6 30. Kd3 g6 31. c4 Rd8+ 32. Bd5 Kg7 33. Bd2 Kf8 34.
Bh6+ Ke8 35. Bg5 Rdd6 36. Kd2 Re5 37. Bf4 Rexd5+ 38. cxd5 Rxd5+ 39. Rd3 Rxd3+
40. Kxd3 b5 41. axb5 axb5 42. Bg5 Kf7 43. Kc3 Ke6 44. Bf4 h5 45. Bg3 Kd5 46.
Bf4 Be7 47. Bg3 b4+ 48. Kd3 Bf6 49. Kc2 Kc4 50. Bf2 b3+ 51. Kb1 Kd3 52. g5 Bc3
53. Bc5 Be1 54. Bd6 Bxh4 55. f4 Bg3 56. Kb2 h4 57. Kxb3 h3 58. f5 Bxd6 59. fxg6
Be5 0-1

[Event "Arci - Groeden"]
[Site "?"]
[Date "2016.11.05"]
[Round "1.6"]
[White "D'Ambrosio, Luca"]
[Black "Dejori, David"]
[Result "0-1"]
[WhiteElo "1731"]
[BlackElo "1730"]
[PlyCount "106"]
[EventDate "2016.11.05"]

1. d4 d5 2. Nf3 e6 3. c4 Nf6 4. Bg5 Be7 5. e3 c5 6. Nc3 cxd4 7. Nxd4 Nc6 8.
cxd5 Nxd5 9. Nxc6 bxc6 10. Bxe7 Qxe7 11. Qd4 O-O 12. Ne4 Nb4 13. Qc3 Bb7 14.
Nc5 Nd5 15. Qc2 Rab8 16. Be2 Rfd8 17. O-O Ba8 18. a3 a5 19. Rfd1 Qf6 20. Rd2
Qe5 21. Rad1 Qg5 22. Rd4 Re8 23. Ra4 Qe5 24. Rdd4 Re7 25. Rxa5 Nxe3 26. Qa4 Bb7
27. Re4 Qxb2 28. Rxe3 Rd8 29. h3 g6 30. Qb3 Qd2 31. Ra7 Qc1+ 32. Kh2 Qxc5 33.
Rxb7 Ree8 34. Qc3 Qd6+ 35. Qe5 Qd2 36. Qf6 Qd6+ 37. g3 Rd7 38. Rxd7 Qxd7 39.
Rd3 Qc7 40. Qd4 c5 41. Qc4 Qa5 42. Rc3 Rc8 43. Qb3 Qa7 44. a4 c4 45. Qd1 Qxf2+
46. Kh1 Qf5 47. Qf1 Qd5+ 48. Qf3 Qa5 49. Bd1 Rd8 50. Bc2 Rd2 51. Qe3 Qd5+ 52.
Qe4 Rd1+ 53. Kg2 Qd2+ 0-1

[Event "Arci2 - Naturns2"]
[Site "?"]
[Date "2016.11.05"]
[Round "1.5"]
[White "Nischler, Hermann"]
[Black "Romaniello, Domenico"]
[Result "0-1"]
[WhiteElo "1464"]
[BlackElo "1530"]
[PlyCount "96"]
[EventDate "2016.11.05"]

1. d4 Nf6 2. Nc3 d5 3. Bg5 Bf5 4. e3 Nbd7 5. Bd3 Ne4 6. Bxe4 dxe4 7. h3 c6 8.
Bf4 Nf6 9. Nge2 e6 10. O-O Bg6 11. Bh2 Bd6 12. Bxd6 Qxd6 13. Rb1 Nd5 14. Nxd5
exd5 15. Qd2 O-O 16. Nf4 f5 17. a3 Rf6 18. Qb4 Qd7 19. c4 Bf7 20. c5 g5 21. Ne2
h5 22. Nc1 h4 23. Nb3 Bh5 24. Na5 Rf7 25. Rfe1 Rg7 26. Kh1 f4 27. Qd2 f3 28.
Rg1 fxg2+ 29. Kxg2 Bf3+ 30. Kf1 Qxh3+ 31. Ke1 Qh2 32. Rf1 Qg2 33. Qc1 h3 34.
Kd2 h2 35. Qe1 g4 36. Kc3 Qh3 37. Nb3 Rh7 38. Rh1 Bxh1 39. Qxh1 Qf3 40. Rf1 Qe2
41. Nc1 Qc4+ 42. Kd2 Qxf1 43. Qxf1 h1=Q 44. Qe2 Qf3 45. Qxf3 exf3 46. Nb3 Rh1
47. e4 g3 48. fxg3 f2 0-1

[Event "Brixen/Milland - Gries"]
[Site "?"]
[Date "2016.11.05"]
[Round "1.1"]
[White "Spornberger, Maximilian"]
[Black "Sader, Michael"]
[Result "1/2-1/2"]
[WhiteElo "2322"]
[BlackElo "2322"]
[PlyCount "40"]
[EventDate "2016.11.05"]

1. e4 d6 2. d4 g6 3. Nc3 Bg7 4. Nf3 Bg4 5. Be3 e6 6. h3 Bxf3 7. Qxf3 Ne7 8.
O-O-O c6 9. g4 d5 10. Kb1 Nd7 11. h4 h6 12. exd5 Nxd5 13. Ne4 O-O 14. g5 h5 15.
Bc1 b5 16. Bh3 a5 17. c3 N7b6 18. Rhe1 b4 19. Nc5 e5 20. dxe5 Qe7 1/2-1/2

[Event "Brixen/Milland - Gries"]
[Site "?"]
[Date "2016.11.05"]
[Round "1.2"]
[White "Kofler, Thomas"]
[Black "Spornberger, Andre"]
[Result "1/2-1/2"]
[WhiteElo "1940"]
[BlackElo "1940"]
[PlyCount "101"]
[EventDate "2016.11.05"]

1. c4 e6 2. Nc3 d5 3. cxd5 exd5 4. d4 f5 5. Nf3 Nf6 6. Bf4 c6 7. g3 Bd6 8. Be5
O-O 9. Bg2 Qe7 10. O-O Nbd7 11. Bxd6 Qxd6 12. e3 Ne4 13. Rc1 Ndf6 14. a3 a5 15.
Na4 Be6 16. Nc5 Nxc5 17. dxc5 Qe7 18. Qd4 a4 19. Qb4 Rfb8 20. Nd4 Bd7 21. Rc2
b5 22. Nf3 Rf8 23. Rfc1 Rae8 24. Qf4 Ng4 25. Qd6 Qxd6 26. cxd6 Ne5 27. Nxe5
Rxe5 28. Rxc6 Bxc6 29. Rxc6 Rd8 30. Bf1 d4 31. exd4 Rd5 32. Rb6 R8xd6 33. Rb8+
Rd8 34. Rb7 Rxd4 35. Rxb5 g6 36. b3 axb3 37. Rxb3 Rd1 38. Kg2 Ra1 39. Bb5 Rd2
40. a4 Kg7 41. h4 Kf6 42. Rc3 Raa2 43. Rf3 h6 44. g4 Rd4 45. gxf5 gxf5 46. Bd3
Raxa4 47. Bxf5 Rf4 48. Bg4 Rxf3 49. Kxf3 Kg6 50. Kg3 Ra3+ 51. f3 1/2-1/2

[Event "Brixen/Milland - Gries"]
[Site "?"]
[Date "2016.11.05"]
[Round "1.3"]
[White "Zammarchi, Massimo"]
[Black "Kofler, Oswald"]
[Result "1-0"]
[WhiteElo "1949"]
[BlackElo "1949"]
[PlyCount "47"]
[EventDate "2016.11.05"]

1. e4 e5 2. Nf3 Nc6 3. Bc4 Bc5 4. c3 h6 5. d4 exd4 6. cxd4 Bb6 7. d5 Nb8 8. O-O
d6 9. Nc3 Bg4 10. h3 Bh5 11. a4 a5 12. e5 Ne7 13. exd6 cxd6 14. Bb5+ Nd7 15.
Bf4 Bc5 16. Ne4 Qb6 17. Rc1 Bb4 18. Rc4 Rd8 19. Be3 Bc5 20. Nxc5 dxc5 21. Bxc5
Qg6 22. Re1 O-O 23. Bxe7 Nb6 24. Rd4 1-0

[Event "Brixen/Milland - Gries"]
[Site "?"]
[Date "2016.11.05"]
[Round "1.4"]
[White "Wisthaler, Lukas"]
[Black "Niederstaetter, Harald"]
[Result "1/2-1/2"]
[WhiteElo "1788"]
[BlackElo "1788"]
[PlyCount "30"]
[EventDate "2016.11.05"]

1. e4 g6 2. d4 Bg7 3. f4 d5 4. e5 Nh6 5. Nf3 c5 6. c3 cxd4 7. Nxd4 O-O 8. Nd2
Nc6 9. N2f3 Qb6 10. Qb3 Qxb3 11. axb3 Bd7 12. Bd3 Bf5 13. Ke2 Rfc8 14. Be3 a6
15. Rhd1 e6 1/2-1/2

[Event "Brixen/Milland - Gries"]
[Site "?"]
[Date "2016.11.05"]
[Round "1.5"]
[White "Fongarolli, Diego"]
[Black "Hellweg, Stephan"]
[Result "1-0"]
[WhiteElo "1926"]
[BlackElo "1926"]
[PlyCount "45"]
[EventDate "2016.11.05"]

1. e4 e5 2. Nf3 Nc6 3. Bb5 a6 4. Bxc6 dxc6 5. O-O Bd6 6. d4 exd4 7. Qxd4 f6 8.
Nbd2 Be6 9. Nc4 Be7 10. Qc3 Qd7 11. Be3 Bxc4 12. Qxc4 O-O-O 13. Nd4 Bd6 14.
Rad1 Qg4 15. f4 g5 16. h3 Qh5 17. Nxc6 Re8 18. e5 fxe5 19. fxe5 bxc6 20. Qxa6+
Kd7 21. exd6 cxd6 22. Qb7+ Ke6 23. Rde1 1-0

[Event "Brixen/Milland - Gries"]
[Site "?"]
[Date "2016.11.05"]
[Round "1.6"]
[White "Pfeihofer, Helmuth"]
[Black "Paulmichl, Martin"]
[Result "0-1"]
[WhiteElo "1553"]
[BlackElo "1553"]
[PlyCount "40"]
[EventDate "2016.11.05"]

1. e4 d5 2. exd5 Qxd5 3. Nc3 Qd8 4. d4 Nf6 5. Bf4 a6 6. h3 e6 7. Nf3 b5 8. a3
Bb7 9. Be2 Nbd7 10. O-O Be7 11. Re1 O-O 12. Bd3 c5 13. Ne4 cxd4 14. Nxd4 e5 15.
Nxf6+ Bxf6 16. Nf5 exf4 17. Qh5 g6 18. Nh6+ Kh8 19. Nxf7+ Rxf7 20. Bxg6 Re7 0-1

[Event "Deutschnofen - Bruneck"]
[Site "?"]
[Date "2016.11.05"]
[Round "1.1"]
[White "Luciani, Valerio"]
[Black "Dappiano, Andrea"]
[Result "1/2-1/2"]
[WhiteElo "2178"]
[BlackElo "2237"]
[PlyCount "62"]
[EventDate "2016.11.05"]

1. d4 e6 2. c4 Bb4+ 3. Nc3 c5 4. d5 Nf6 5. f3 O-O 6. e4 b5 7. Bg5 d6 8. Qd2 h6
9. Be3 bxc4 10. Bxc4 exd5 11. Bxd5 Nxd5 12. Qxd5 Qb6 13. Nge2 Ba6 14. Kf2 Nc6
15. Rhd1 Rfd8 16. Ng3 Ne5 17. Nf5 Ba5 18. Na4 Qb5 19. b3 Bb7 20. Nxd6 Bxd5 21.
Nxb5 Bc6 22. Nbc3 c4 23. Rxd8+ Rxd8 24. Ke2 Rd3 25. Rc1 Bxa4 26. Nxa4 cxb3 27.
axb3 Rxb3 28. Rc5 Ra3 29. Rxa5 Rxe3+ 30. Kf2 Nc6 31. Rxa7 Rxf3+ 1/2-1/2

[Event "Deutschnofen - Bruneck"]
[Site "?"]
[Date "2016.11.05"]
[Round "1.3"]
[White "Glueck, Alexander"]
[Black "Tonina, Filippo"]
[Result "1-0"]
[WhiteElo "1933"]
[BlackElo "1980"]
[PlyCount "50"]
[EventDate "2016.11.05"]

1. d4 d6 2. e4 Nf6 3. Nc3 g6 4. f3 c6 5. Be3 b5 6. Qd2 Nbd7 7. Nge2 Nb6 8. b3
a6 9. g3 Qc7 10. Bg2 Bb7 11. O-O c5 12. Rad1 Nfd7 13. f4 e6 14. d5 exd5 15.
Nxd5 Bxd5 16. exd5 f5 17. Qc3 Rg8 18. Nd4 Bg7 19. Ne6 Bxc3 20. Nxc7+ Kf7 21.
Nxa8 Rxa8 22. Bf3 Re8 23. Bf2 Nf6 24. h3 h5 25. Kg2 b4 1-0

[Event "Deutschnofen - Bruneck"]
[Site "?"]
[Date "2016.11.05"]
[Round "1.4"]
[White "Thurner, Markus"]
[Black "Peintner, Andreas"]
[Result "1/2-1/2"]
[WhiteElo "1909"]
[BlackElo "1933"]
[PlyCount "44"]
[EventDate "2016.11.05"]

1. e4 c5 2. Nc3 e6 3. g3 Nc6 4. Bg2 g6 5. d3 Bg7 6. f4 d6 7. Nf3 Nge7 8. O-O
O-O 9. h3 Rb8 10. Be3 Nd4 11. Bc1 b5 12. Ne2 b4 13. g4 f5 14. Nexd4 cxd4 15.
Qe2 fxg4 16. hxg4 Qb6 17. Qf2 Rb7 18. Qh4 Nc6 19. Rf2 Rbf7 20. Bh3 Qc5 21. Rh2
Bf6 22. g5 Bh8 1/2-1/2

[Event "Deutschnofen - Bruneck"]
[Site "?"]
[Date "2016.11.05"]
[Round "1.5"]
[White "Balzarini, Franco"]
[Black "Gibitz, Othmar"]
[Result "1-0"]
[WhiteElo "1822"]
[BlackElo "1710"]
[PlyCount "67"]
[EventDate "2016.11.05"]

1. d4 d5 2. Nf3 Nf6 3. e3 e6 4. Nbd2 c5 5. c4 Nc6 6. Be2 cxd4 7. exd4 dxc4 8.
Qa4 Bb4 9. a3 Bxd2+ 10. Bxd2 O-O 11. Qxc4 Qd5 12. O-O Qxc4 13. Bxc4 Nd5 14.
Rac1 a6 15. b4 Bd7 16. Be3 Rac8 17. Nd2 b5 18. Ba2 Nce7 19. Ne4 Rxc1 20. Rxc1
h6 21. Kf1 Ra8 22. Nc5 Bc8 23. Nb3 Kf8 24. Bb1 Bd7 25. Ke2 Ke8 26. h3 Kd8 27.
Na5 Ra7 28. Kd2 Rc7 29. Rc5 Nb6 30. Bf4 Ra7 31. Bb8 Nbc8 32. Bxa7 Nxa7 33. Nb7+
Ke8 34. Nd6+ 1-0

[Event "Deutschnofen - Bruneck"]
[Site "?"]
[Date "2016.11.05"]
[Round "1.6"]
[White "Hofer, Alois"]
[Black "Niederkofler, Andreas"]
[Result "0-1"]
[WhiteElo "1688"]
[BlackElo "1780"]
[PlyCount "68"]
[EventDate "2016.11.05"]

1. c4 Nf6 2. Nc3 b6 3. d4 Bb7 4. d5 g6 5. Nf3 Bg7 6. e4 d6 7. Bd2 Nbd7 8. Be2
O-O 9. O-O c6 10. Re1 cxd5 11. exd5 Rc8 12. Bf1 Re8 13. Rc1 a6 14. b3 Ng4 15.
h3 Nge5 16. Ng5 Nf6 17. Nge4 Nxe4 18. Nxe4 Rb8 19. Bc3 f6 20. Ng3 Bc8 21. Ne2
b5 22. Nd4 Bd7 23. cxb5 axb5 24. Qd2 Qb6 25. Ba5 Bh6 26. Qxh6 Qxa5 27. Re4 Nf7
28. Qe3 Kf8 29. Re1 Qd8 30. f4 f5 31. Ne6+ Bxe6 32. dxe6 fxe4 33. exf7 Kxf7 34.
Qxe4 e6 0-1

[Event "Ehrenburg - Naturns"]
[Site "?"]
[Date "2016.11.05"]
[Round "1.2"]
[White "Hengl, Christian"]
[Black "Lezzerini, Marco"]
[Result "1/2-1/2"]
[WhiteElo "2167"]
[BlackElo "2059"]
[PlyCount "154"]
[EventDate "2016.11.05"]

1. c4 c5 2. Nf3 Nc6 3. Nc3 g6 4. e3 Bg7 5. d4 cxd4 6. exd4 d6 7. Be3 Bg4 8. Be2
Nh6 9. d5 Bxf3 10. Bxf3 Ne5 11. Be2 O-O 12. f4 Nd7 13. O-O a6 14. Qd2 Qa5 15.
Rab1 Rfc8 16. b4 Qc7 17. Ne4 Nf6 18. Nxf6+ exf6 19. c5 Nf5 20. Bf2 a5 21. a3
axb4 22. axb4 Bf8 23. Rfc1 Qd7 24. Bf3 Ne7 25. Rc2 Ra3 26. Rbc1 Rxf3 27. gxf3
dxc5 28. Rxc5 Nc6 29. d6 Qxd6 30. Qxd6 Bxd6 31. R5c4 Ra8 32. b5 Ne7 33. Bb6 Kg7
34. Bc7 Nf5 35. Bxd6 Nxd6 36. Rc5 Ra5 37. b6 Ra6 38. Rb1 Kf8 39. Rc7 Ke8 40.
Kg2 Ra2+ 41. Kf1 Ra6 42. Ke2 h5 43. Ke3 Kd8 44. Rc3 Kd7 45. Rb4 Nf5+ 46. Ke4
Nd6+ 47. Kd5 Ne8 48. Kc5 Nd6 49. Kd5 Ne8 50. Rc5 Kd8 51. Rcb5 Kd7 52. Kc5 Ra2
53. Rd4+ Ke7 54. Rb3 Rc2+ 55. Kb4 Nd6 56. Re3+ Kd7 57. Red3 Rb2+ 58. Rb3 Rxh2
59. Rd5 Kc6 60. Rbd3 Nf5 61. Rc5+ Kxb6 62. Rb5+ Kc6 63. Rc3+ Kd6 64. Rd3+ Ke7
65. Rxb7+ Kf8 66. Kc3 h4 67. Rdd7 Nh6 68. Kd3 Rg2 69. Rb1 h3 70. Rh1 h2 71. Rc7
Nf5 72. Rc2 Rxc2 73. Kxc2 Nd4+ 74. Kd3 Nxf3 75. Ke3 Nh4 76. Rxh2 Nf5+ 77. Ke4
Kg7 1/2-1/2

[Event "Ehrenburg - Naturns"]
[Site "?"]
[Date "2016.11.05"]
[Round "1.3"]
[White "Gurschler, Thomas"]
[Black "Hoellrigl, Wilfried"]
[Result "1-0"]
[WhiteElo "1822"]
[BlackElo "2151"]
[PlyCount "71"]
[EventDate "2016.11.05"]

1. d4 Nf6 2. Bf4 d6 3. e3 g6 4. Nf3 Bg7 5. Be2 Nbd7 6. O-O O-O 7. h3 c5 8. c3
b6 9. Nbd2 Bb7 10. a4 a6 11. Rc1 Qc7 12. Qb3 Rac8 13. Bc4 h6 14. Qc2 Kh7 15.
Nh4 Nd5 16. Bg3 f5 17. e4 fxe4 18. Qxe4 Nf4 19. Qc2 d5 20. Nxg6 dxc4 21. Nxf4+
Kg8 22. Ng6 Qd8 23. Nxf8 Qxf8 24. dxc5 Rxc5 25. Rce1 Qf7 26. Ne4 Qg6 27. Qe2
Rc8 28. Nd2 Ne5 29. Nf3 Nxf3+ 30. gxf3 e5 31. Kh2 Qh5 32. Bxe5 Bxf3 33. Qe3 Bf8
34. Rg1+ Kh7 35. Qf4 Re8 36. Qf6 1-0

[Event "Ehrenburg - Naturns"]
[Site "?"]
[Date "2016.11.05"]
[Round "1.4"]
[White "Jedinger, Andreas"]
[Black "Gurschler, Gregor"]
[Result "1-0"]
[WhiteElo "2124"]
[BlackElo "1831"]
[PlyCount "93"]
[EventDate "2016.11.05"]

1. e4 d6 2. d4 Nf6 3. Nc3 g6 4. h3 Bg7 5. g4 c6 6. Bg2 h5 7. g5 Nfd7 8. Nge2 e5
9. O-O Na6 10. Be3 O-O 11. Qd2 Nc7 12. f4 exf4 13. Nxf4 Ne6 14. Nxe6 fxe6 15.
Rxf8+ Nxf8 16. Rf1 Qe7 17. e5 d5 18. Ne2 Bd7 19. Nf4 Be8 20. Kh1 b6 21. Rf2 Rb8
22. Bf1 c5 23. c3 c4 24. Be2 b5 25. Qc1 b4 26. Bd1 a5 27. Bc2 a4 28. Qg1 bxc3
29. bxc3 Qa3 30. Qa1 Rb2 31. Bc1 Rxa2 32. Qb1 Qxc3 33. Qxa2 Qe1+ 34. Kg2 Qxc1
35. Bxa4 Bxa4 36. Qxa4 Qe3 37. Qc2 Qxd4 38. Nxg6 Nxg6 39. Qxg6 Qxe5 40. Qf7+
Kh7 41. Qxh5+ Kg8 42. Qh4 d4 43. g6 Bh6 44. Qxh6 Qe4+ 45. Kg1 Qe1+ 46. Rf1 Qg3+
47. Kh1 1-0

[Event "Ehrenburg - Naturns"]
[Site "?"]
[Date "2016.11.05"]
[Round "1.5"]
[White "Naegele, Raimund"]
[Black "Mairhofer, Lino"]
[Result "0-1"]
[WhiteElo "1696"]
[BlackElo "1713"]
[PlyCount "48"]
[EventDate "2016.11.05"]

1. d4 Nf6 2. Nf3 g6 3. Nbd2 d6 4. e4 Bg7 5. Be2 O-O 6. O-O Nbd7 7. c3 e5 8. Qc2
c6 9. a4 a5 10. b3 Qc7 11. Ba3 c5 12. Nc4 b6 13. Rad1 Bb7 14. Bd3 exd4 15. cxd4
d5 16. exd5 Nxd5 17. Rfe1 Rfe8 18. dxc5 bxc5 19. Rxe8+ Rxe8 20. Be4 Nc3 21.
Rxd7 Qxd7 22. Bxb7 Qxb7 23. Nd6 Re2 24. Qd3 Qe7 0-1

[Event "Ehrenburg - Naturns"]
[Site "?"]
[Date "2016.11.05"]
[Round "1.6"]
[White "Flatscher, Tobias"]
[Black "Illmer, Markus"]
[Result "1/2-1/2"]
[WhiteElo "1750"]
[BlackElo "1565"]
[PlyCount "37"]
[EventDate "2016.11.05"]

1. c4 Nf6 2. Nf3 e6 3. g3 d5 4. cxd5 exd5 5. Bg2 Be7 6. O-O O-O 7. d4 Nbd7 8.
Nc3 c6 9. Qc2 Re8 10. b3 h6 11. Bb2 Bd6 12. Rfe1 Nf8 13. e4 dxe4 14. Nxe4 Nxe4
15. Rxe4 Bf5 16. Rxe8 Bxc2 17. Rxd8 Rxd8 18. Re1 Bb4 19. Re3 1/2-1/2

[Event "Kaltern/Tramin - Richter/LASK"]
[Site "?"]
[Date "2016.11.05"]
[Round "1.1"]
[White "De Eccher, Stefano"]
[Black "Bertagnolli, Alexander"]
[Result "1/2-1/2"]
[WhiteElo "2172"]
[BlackElo "2172"]
[PlyCount "67"]
[EventDate "2016.11.05"]

1. e4 c5 2. Nf3 d6 3. Bb5+ Bd7 4. a4 Nc6 5. d3 g6 6. O-O Bg7 7. Nbd2 a6 8. Bxc6
Bxc6 9. a5 Nf6 10. Nc4 O-O 11. e5 Nd7 12. exd6 exd6 13. Bf4 d5 14. Nce5 Nxe5
15. Nxe5 Bxe5 16. Bxe5 d4 17. Qg4 f6 18. Qe6+ Kg7 19. Bg3 Re8 20. Qd6 Qxd6 21.
Bxd6 Re2 22. Rac1 c4 23. dxc4 Rae8 24. Bb4 Be4 25. Rfd1 Bxc2 26. Rxd4 Ba4 27.
Bc3 Kf7 28. Kf1 R2e4 29. Re1 Rxd4 30. Bxd4 Rxe1+ 31. Kxe1 Bb3 32. c5 Ke6 33.
Kd2 Bd5 34. g3 1/2-1/2

[Event "Kaltern/Tramin - Richter/LASK"]
[Site "?"]
[Date "2016.11.05"]
[Round "1.2"]
[White "Paltrinieri, Nicholas"]
[Black "Moncher, Stefano"]
[Result "1-0"]
[WhiteElo "2232"]
[BlackElo "2232"]
[PlyCount "51"]
[EventDate "2016.11.05"]

1. d4 f5 2. Bg5 h6 3. Bh4 g5 4. e4 Nf6 5. e5 e6 6. Bg3 f4 7. exf6 Qxf6 8. Qh5+
Kd8 9. Bd3 Rg8 10. Ne2 fxg3 11. fxg3 Qh8 12. Nbc3 d5 13. h4 Be7 14. O-O-O Bd7
15. hxg5 Bxg5+ 16. Nf4 Nc6 17. Bb5 Be8 18. Qh3 Bd7 19. Qh5 Be8 20. Qh3 Bd7 21.
Kb1 e5 22. Ne6+ Kc8 23. Nxd5 exd4 24. Rhe1 Rb8 25. g4 a6 26. Qg3 1-0

[Event "Kaltern/Tramin - Richter/LASK"]
[Site "?"]
[Date "2016.11.05"]
[Round "1.3"]
[White "Voltolini, Giuseppe"]
[Black "Panjkovic, Aleksandar"]
[Result "1/2-1/2"]
[WhiteElo "2182"]
[BlackElo "2182"]
[PlyCount "51"]
[EventDate "2016.11.05"]

1. d4 d6 2. e4 Nf6 3. Nc3 g6 4. f4 Bg7 5. Nf3 O-O 6. Be3 Nbd7 7. Qd2 c5 8. e5
Ng4 9. O-O-O Nxe3 10. Qxe3 cxd4 11. Rxd4 Nc5 12. Be2 Be6 13. Rd2 Qb6 14. Nd5
Bxd5 15. Rxd5 Rac8 16. g3 Rc7 17. Nd4 dxe5 18. fxe5 Ne6 19. Rd1 a6 20. Kb1 Nxd4
21. R1xd4 e6 22. Rd8 Qc5 23. Rxf8+ Bxf8 24. c3 Rd7 25. Qd3 Rxd4 26. cxd4
1/2-1/2

[Event "Kaltern/Tramin - Richter/LASK"]
[Site "?"]
[Date "2016.11.05"]
[Round "1.4"]
[White "Kranewitter, Norbert"]
[Black "Pangrazzi, Marco"]
[Result "1-0"]
[WhiteElo "2043"]
[BlackElo "2043"]
[PlyCount "107"]
[EventDate "2016.11.05"]

1. e4 c5 2. Nc3 Nc6 3. f4 e6 4. Nf3 d5 5. Bb5 d4 6. Nb1 Qc7 7. Bxc6+ Qxc6 8. d3
b6 9. O-O g6 10. Nbd2 Bg7 11. Ne5 Qc7 12. Ndf3 f6 13. Nc4 b5 14. Na3 Qc6 15.
Qe1 Ne7 16. Bd2 Qb6 17. Ba5 Qa6 18. Bd2 Nc6 19. Qh4 Qb6 20. Rae1 Bd7 21. Kh1
Rc8 22. f5 Ne7 23. Bh6 O-O 24. fxg6 Nxg6 25. Qh5 Rf7 26. e5 Rcf8 27. exf6 Rxf6
28. Bxg7 Kxg7 29. Nd2 Rf5 30. Qe2 Qd6 31. Ne4 Qd5 32. Nb1 Qxa2 33. Rxf5 Rxf5
34. g4 Re5 35. Qf3 Qd5 36. Rf1 Bc6 37. Nbd2 Qd8 38. Qf7+ Kh6 39. Kg1 Qh4 40.
Nf6 Kg5 41. Nxh7+ Kh6 42. Nf6 Kg5 43. Nde4+ Bxe4 44. Nxe4+ Kh6 45. g5+ Rxg5+
46. Nxg5 Qxg5+ 47. Kh1 Qd5+ 48. Qf3 Qe5 49. Rg1 a5 50. Qh3+ Kg7 51. Qg2 Qf5 52.
Rf1 Qh5 53. Qf3 Qg5 54. Qf7+ 1-0

[Event "Kaltern/Tramin - Richter/LASK"]
[Site "?"]
[Date "2016.11.05"]
[Round "1.5"]
[White "Bevilacqua, Maurizio"]
[Black "Dallaglio, Giovanni"]
[Result "1/2-1/2"]
[WhiteElo "2019"]
[BlackElo "2019"]
[PlyCount "113"]
[EventDate "2016.11.05"]

1. c4 e6 2. g3 Nf6 3. Nf3 d5 4. Bg2 Be7 5. d4 O-O 6. O-O b6 7. cxd5 exd5 8. Nc3
Bb7 9. Bf4 Na6 10. Rc1 Nh5 11. Be3 Nf6 12. Ne5 c5 13. Qa4 cxd4 14. Bxd4 Nc5 15.
Qd1 Ne6 16. a3 Bc5 17. e3 Rc8 18. Qd3 Qe7 19. Bh3 Rcd8 20. Rfe1 Ne4 21. b4 Bxd4
22. exd4 Qf6 23. Qe3 Rfe8 24. Nb5 a6 25. Nc7 Nxc7 26. Rxc7 Re7 27. Rxe7 Qxe7
28. Nd3 Qd6 29. f3 Nf6 30. Ne5 Bc8 31. Bf1 b5 32. Rc1 Bd7 33. Bd3 Rc8 34. Rc5
Rxc5 35. dxc5 Qe6 36. g4 g6 37. Qd4 Bc6 38. Kf2 h5 39. h3 hxg4 40. hxg4 Nd7 41.
Nxd7 Bxd7 42. Be2 f6 43. f4 Kf7 44. Bd3 Qxg4 45. Qxd5+ Kg7 46. Qd6 Qh4+ 47. Ke3
Qe1+ 48. Kf3 Qh1+ 49. Kf2 Qh2+ 50. Ke3 Qg3+ 51. Kd2 Qf2+ 52. Kc3 Qe1+ 53. Kc2
Qf2+ 54. Kc3 Qe1+ 55. Kc2 Qf2+ 56. Kc3 Qe1+ 57. Kc2 1/2-1/2

[Event "Kaltern/Tramin - Richter/LASK"]
[Site "?"]
[Date "2016.11.05"]
[Round "1.6"]
[White "Unterkofler, Alex"]
[Black "Battiston, Claudio"]
[Result "0-1"]
[WhiteElo "1647"]
[BlackElo "1647"]
[PlyCount "58"]
[EventDate "2016.11.05"]

1. e4 e5 2. f4 Bc5 3. Nf3 d6 4. c3 Nc6 5. d4 exd4 6. cxd4 Bb6 7. Bb5 Bd7 8. Nc3
a6 9. Ba4 Nge7 10. O-O O-O 11. a3 Bg4 12. Be3 d5 13. Bxc6 bxc6 14. h3 Bxf3 15.
gxf3 dxe4 16. fxe4 f5 17. Qb3+ Kh8 18. Rad1 fxe4 19. Nxe4 Nd5 20. Ng5 Qe8 21.
Rde1 h6 22. Bf2 Qg6 23. Re6 Qh5 24. Rxc6 Nxf4 25. Ne6 Qg6+ 26. Bg3 Ne2+ 27. Kg2
Rxf1 28. Kxf1 Nxg3+ 29. Ke1 Qe4+ 0-1